Proměny zahraničního obchodu Indie
Analýza hlavných vývojových tendencií zahraničného obchodu Indie, vrátane náčrtu vládnych nástrojov, ktoré ich podporujú.
Saved in:
| Main Author: | |
|---|---|
| Format: | Book Chapter |
| Language: | Czech |
| Subjects: | |
| Tags: |
No Tags, Be the first to tag this record!
|
MARC
| LEADER | 00000naa a2200000 4500 | ||
|---|---|---|---|
| 001 | 0181995 | ||
| 005 | 20220713130443.1 | ||
| 041 | 0 | |a cze | |
| 044 | |a CZ | ||
| 245 | 1 | 0 | |a Proměny zahraničního obchodu Indie |c Tereza Němečková |
| 520 | |a Analýza hlavných vývojových tendencií zahraničného obchodu Indie, vrátane náčrtu vládnych nástrojov, ktoré ich podporujú. | ||
| 610 | 2 | 0 | |a India |
| 610 | 2 | 0 | |a vývoz |
| 610 | 2 | 0 | |a dovoz |
| 610 | 2 | 0 | |a politika obchodná |
| 610 | 2 | 0 | |a obchod zahraničný |
| 100 | 1 | |a Němečková, Tereza | |